Detection of somaclonal variation in Micropropagated Banana / (رقم التسجيلة. 179343)

تفاصيل مارك
000 -LEADER
fixed length control field 01405namaa22003611i 4500
005 - أخر تعامل مع التسجيلة
control field 20260409141433.0
008 - FIXED-LENGTH DATA ELEMENTS--GENERAL INFORMATION
fixed length control field 260409s1994 ua ado|frm||| 00| 0 eng d
040 ## - CATALOGING SOURCE
Original cataloguing agency EG-GICUC
Language of cataloging eng
Transcribing agency EG-GICUC
Modifying agency EG-GICUC
Description conventions rda
041 0# - LANGUAGE CODE
Language code of text/sound track or separate title eng
Language code of summary or abstract eng
-- ara
049 ## - Acquisition Source
Acquisition Source Deposit
097 ## - Degree
Degree M.Sc
099 ## - LOCAL FREE-TEXT CALL NUMBER (OCLC)
Local Call Number Cai01.07.13.M.Sc.1994.Sa.D
100 0# - MAIN ENTRY--PERSONAL NAME
Authority record control number or standard number Sahar Mohamed Abd El-Wahab
Preparation preparation.
245 10 - TITLE STATEMENT
Title Detection of somaclonal variation in Micropropagated Banana /
Statement of responsibility, etc. Sahar Mohamed Abd El-Wahab ; Supervised by Youssef Amin Waly, Fayza A. Taha, Adel El-Taras.
246 15 - VARYING FORM OF TITLE
Title proper/short title إستنباط تباينات جسمية فى مزارع أنسجة الموز
264 #0 - PRODUCTION, PUBLICATION, DISTRIBUTION, MANUFACTURE, AND COPYRIGHT NOTICE
Date of production, publication, distribution, manufacture, or copyright notice 1994.
300 ## - PHYSICAL DESCRIPTION
Extent 133 pages :
Other physical details illustrations ;
Dimensions 30 cm. +
336 ## - CONTENT TYPE
Source rda content
Content type term text
337 ## - MEDIA TYPE
Source rdamedia
Media type term Unmediated
338 ## - CARRIER TYPE
Source rdacarrier
Carrier type term volume
502 ## - DISSERTATION NOTE
Dissertation note Thesis (M.Sc.)-Cairo University, 1994.
504 ## - BIBLIOGRAPHY, ETC. NOTE
Bibliography, etc. note Bibliography: pages 124-133
653 #0 - INDEX TERM--UNCONTROLLED
Uncontrolled term Pomology
653 #0 - INDEX TERM--UNCONTROLLED
Uncontrolled term Micropropagation, Plant
653 #0 - INDEX TERM--UNCONTROLLED
Uncontrolled term Banana
653 #0 - INDEX TERM--UNCONTROLLED
Uncontrolled term Variation (Biology
700 0# - ADDED ENTRY--PERSONAL NAME
Personal name Youssef Amin Waly
Relator term thesis advisor.
700 0# - ADDED ENTRY--PERSONAL NAME
Personal name Fayza A. Taha
Relator term thesis advisor.
700 0# - ADDED ENTRY--PERSONAL NAME
Personal name Adel El-Taras.
Relator term thesis advisor.
900 ## - Thesis Information
Department Department of Pomology
Faculties Faculty of Agriculture
Universities Cairo University
Grant date 1994
Supervisory body Youssef Amin Waly
-- Fayza A. Taha
-- Adel El-Taras.
Discussion body Youssef Amin Waly
905 ## - Cataloger and Reviser Names
Cataloger Name Nermeen_Ahmed
942 ## - ADDED ENTRY ELEMENTS (KOHA)
Source of classification or shelving scheme Dewey Decimal Classification
Koha item type Thesis
Edition 21
Suppress in OPAC No
المقتنيات
Source of classification or shelving scheme Home library Current library Date acquired Inventory number Full call number Barcode Date last seen Effective from Koha item type
Dewey Decimal Classification المكتبة المركزبة الجديدة - جامعة القاهرة مكتبة المئوية 09.04.2026 24659 Cai01.07.13.M.Sc.1994.Sa.D 01010110024659000 09.04.2026 09.04.2026 Thesis
Cairo University Libraries Portal Implemented & Customized by: Eng. M. Mohamady Contacts: new-lib@cl.cu.edu.eg | cnul@cl.cu.edu.eg
CUCL logo CNUL logo
© All rights reserved — Cairo University Libraries
CUCL logo
Implemented & Customized by: Eng. M. Mohamady Contact: new-lib@cl.cu.edu.eg © All rights reserved — New Central Library
CNUL logo
Implemented & Customized by: Eng. M. Mohamady Contact: cnul@cl.cu.edu.eg © All rights reserved — Cairo National University Library